00358nam a2200121 a 4500008004100000050001400041100002000055245002700075246005700102260004600159300002200205350000900227120416s1945 ||||||||||||||||| || u aDA 32 Tre aTrevelyan, G. M10aEnglish social history aa survey of six centuries, Chaucer to Queen Victoria aLondonbLongmans, Green and Companyc1945 axii, 628p. : ill. a0.00